000 00698nam a2200265 a 4500
003 AR-BaBNM
005 20251128204003.0
008 082120s2002 ||||||||||||||000 | spa||
040 _cAR-BaBNM
245 0 0 _aSan Carlos es futuro
260 _aMendoza
_bZeta
_c1991
300 _a233 p.
_bil., láms., mapas
500 _aFuentes consultadas p. 226
650 4 _aGEOGRAFIA FISICA
650 4 _aFITOGEOGRAFIA
650 4 _aGEOFISICA
650 4 _aCIENCIAS DE LA TIERRA
650 4 _aGEOGRAFIA REGIONAL
650 4 _aCULTURA
650 4 _aHISTORIA CUYANA
650 4 _aHISTORIA PROVINCIAL ARGENTINA
700 1 _aFirpo, Miguel Natalio
_eprologuista
942 _cBK
998 _cmariana
999 _c5725
_d5725